| 000 | 00615nam a22001937a 4500 | ||
|---|---|---|---|
| 005 | 20100811105236.0 | ||
| 010 | _aENG-99562 | ||
| 020 | _c150.00 | ||
| 035 | _aEN-83094 | ||
| 037 | _bDBAD/PUB | ||
| 082 | _aN | ||
| 100 |
_aDesai,J P _910585 |
||
| 245 |
_aThank you dad / _cby J P Desai |
||
| 260 |
_aMumbai _bGranthayan Publication _c2008 |
||
| 270 |
_aA/3/1, Shivshrishti Sector-4 Sanpada Navi Mumbai _bMumbai _e400705 |
||
| 300 |
_a168p _c21cm(pbk) |
||
| 942 |
_2ddc _cEN _hN _mDES |
||
| 999 |
_c40837 _d40837 |
||